000 00295nam a2200121Ia 4500
008 190216s9999||||xx |||||||||||||| ||und||
100 _aAsha Poorna Devi
245 0 _aPrathama Pathi Sruthi
260 _bPoorna Pubs Kozhikode
_c1998
300 _a540p
650 _aMalayalam Novel
942 _cBK
999 _c25886
_d25886